Statistics for Top Ten Countries on the Democracy Index

Click here to take the quiz!

General Stats

  • This quiz has been taken 130 times
  • The average score is 9 of 10

Answer Stats

RankRegionAnswer% Correct
6North AmericaCanada
98%
1EuropeNorway
98%
3EuropeSweden
98%
9OceaniaAustralia
96%
8EuropeFinland
96%
5EuropeDenmark
95%
2EuropeIceland
94%
4OceaniaNew Zealand
94%
10EuropeSwitzerland
91%
6EuropeIreland
87%

Score Distribution

Percentile by Number Answered

Percent of People with Each Score

Your Score History

You have not taken this quiz